| 000 | 00600nam a2200217Ia 4500 | ||
|---|---|---|---|
| 003 | OSt | ||
| 005 | 20230617105349.0 | ||
| 008 | 210423s2013 xx 000 0 und d | ||
| 020 | _a978-81-7233-844-2 | ||
| 040 | _cAL | ||
| 041 | _aeng | ||
| 082 | _a664.002 MUDO | ||
| 100 |
_aMUDGIL (Deepak);MUDGIL (Sheweta Barak) _9100509 |
||
| 245 | _aObjective food science and technology | ||
| 260 |
_aNew Delhi _bScientific Publishers _c2013 |
||
| 300 |
_ax,478 _bPB |
||
| 365 |
_b375 _cINR |
||
| 650 |
_aFood Technology _9100510 |
||
| 906 | _afood ; Objective ; science ; technology | ||
| 942 |
_2ddc _cBK |
||
| 999 |
_c165573 _d165573 |
||